Geography Quiz

Random Geography or State Quiz
Score 0/37 Timer 05:00
5 Plays Today
% Correct
Lagos
86.6%
Abuja
76.6%
Niger
75.8%
Kano
70.3%
Delta
69.4%
Oyo
67.9%
Edo
64.7%
Rivers
63.8%
Borno
63.5%
Ogun
60.6%
Cross River
60.5%
Osun
60.4%
Plateau
58.7%
Yobe
55.9%
Imo
55.6%
Ondo
55%
Sokoto
54.2%
Abia
53.2%
Kebbi
52.7%
% Correct
Kaduna
52.1%
Gombe
50.1%
Benue
49.8%
Adamawa
49.4%
Jigawa
48.6%
Kogi
48%
Bauchi
47.1%
Ekiti
46.8%
Kwara
46%
Katsina
45.8%
Zamfara
44%
Taraba
43.9%
Enugu
42%
Bayelsa
41.4%
Ebonyi
40.8%
Akwa Ibom
39.8%
Anambra
38.6%
Nasarawa
34.6%
Remove Ads.
Support Sporcle.
Get the best of Sporcle when you Go Orange. This ad-free experience offers more features, more stats, and more fun while also helping to support Sporcle. Thank you for becoming a member.

You're not logged in!

Compare scores with friends on all Sporcle quizzes.
OR
Log In

Show Comments

Extras

Top Quizzes Today


Score Distribution

Your Account Isn't Verified!

In order to create a playlist on Sporcle, you need to verify the email address you used during registration. Go to your Sporcle Settings to finish the process.

Report this User

Report this user for behavior that violates our Community Guidelines.

Details: